000 00776nam a2200253Ia 4500
003 OSt
005 20220918164555.0
006 a|||||r|||| 00| 0
007 ta
008 220917b |||||||| |||| 00| 0 eng d
020 _a0691055203 (hbk)
024 _a102,901
037 _cTextual
040 _aARTS
_cARTS
_beng
041 _2eng
_aeng
082 _aV58wM73,2, M8
100 _aLurii Vladimirovich Gote
_919509
245 0 _aTimeo ftroubles
_b the diary of Ilurii Vldimirovich Got'e translated, edited and introduced by Terence Emmons
260 _aPrinceton
_bPrinceton University Press
_c1988
300 _axix,513p.
_ccm.
650 _aHISTORY
942 _hV58wM73,2, M8
_cTEXL
_2CC
999 _c125373
_d125373